书目信息 |
| 题名: |
硕士研究生入学考试英语强化训练
|
|
| 作者: | 林烈城 , 黄继炎 , 张艳梅 主编 | |
| 分册: | ||
| 出版信息: | 广州 中山大学出版社 1996.10 |
|
| 页数: | 246页 | |
| 开本: | 16开 | |
| 丛书名: | ||
| 单 册: | ||
| 中图分类: | H319.6 | |
| 科图分类: | ||
| 主题词: | 英语 | |
| 电子资源: | ||
| ISBN: | 7-306-01177-4 | |
| 000 | 00700nam0 2200217 45 | |
| 001 | 0011150895 | |
| 005 | 20001115084922.0 | |
| 010 | @a7-306-01177-4@d19.80元 | |
| 100 | @a20001115d1996 km y0chiy0120 ea | |
| 101 | 0 | @achi |
| 105 | @a z 000yy | |
| 200 | 1 | @a硕士研究生入学考试英语强化训练@AShuo Shi Yan Jiu Sheng Ru Xue Kao Shi Ying Yu Qiang Hua Xun Lian@f林烈城,黄继炎,张艳梅主编@FLin Lie Cheng,Huang Ji Yan,Zhang Yan Mei Zhu Bian |
| 210 | @a广州@c中山大学出版社@d1996.10 | |
| 215 | @a246页@d16开 | |
| 606 | 0 | @a英语 |
| 690 | @aH319.6@v3 | |
| 701 | 0 | @a林烈城@4主编 |
| 701 | 0 | @a黄继炎@4主编 |
| 701 | 0 | @a张艳梅@4主编 |
| 801 | @aCN@bPftUser@c20001115 | |
| 905 | @b408628-632@dH319.6@eL115@f5 | |
| 硕士研究生入学考试英语强化训练/林烈城,黄继炎,张艳梅主编.-广州:中山大学出版社,1996.10 |
| 246页;16开 |
| ISBN 7-306-01177-4:19.80元 |
| ● |
| 相关链接 |
|
|
|
正题名:硕士研究生入学考试英语强化训练
索取号:H319.6/L115
 
预约/预借
| 序号 | 登录号 | 条形码 | 馆藏地/架位号 | 状态 | 备注 |
| 1 | 408628 | 204086283 | 自科二线504/504自科库 46排5列1层/ [索取号:H319.6/L115] | 在馆 | |
| 2 | 408629 | 204086292 | 自科二线504/504自科库 46排5列1层/ [索取号:H319.6/L115] | 在馆 | |
| 3 | 408630 | 204086309 | 语言库209/209语言库 57排4列2层/ [索取号:H319.6/L115] | 在馆 | |
| 4 | 408631 | 204086318 | 语言库209/209语言库 57排4列2层/ [索取号:H319.6/L115] | 在馆 | |
| 5 | 408632 | 204086327 | 语言库209/209语言库 57排4列2层/ [索取号:H319.6/L115] | 在馆 |